| 000 | 01174nam a2200229Ia 4500 | ||
|---|---|---|---|
| 001 | L270-28742 | ||
| 003 | IT-CnALBA | ||
| 008 | 170116s9999||||xx |||||||||||||| ||und|| | ||
| 040 |
_aIT-CnALBA _cIT-CnALBA |
||
| 041 | _aITALIANO | ||
| 100 | _aROCCA GIANCARLO, SSP. | ||
| 245 | 0 | _aPROBLEMI DI STORIA DELLA CHIESA: DAL VATICANO I AL VATIC. II | |
| 250 | _a1a ed. | ||
| 260 |
_a BOLOGNA - NAPOLI _bDEHONIANE EDIZIONI _c1988 [1° Ed.:1988 - Ed.Ling.Originale: 1988] |
||
| 300 | _a468 p. | ||
| 500 | _aSTUDI BIBLICI DA LEONE XIII A PIO XII. GENOVA TRA IL 1920 E IL 1940. ISTITUTI SECOLARI IN ITALIA. LA RIVISTA FAMIGLIA CRISTIANA DALLA SUA NASCITA AGLI ANNI '50 (SCIORTINO). G.B. MONTINI. LA CEI: NASCITA DELLA CHIESA ITALIANA. | ||
| 501 | _aSocietà San Paolo EM - Piazza San Paolo, 14 - 12051 ALBA (CN) (non commercial uses only) ® Copyright 2017 | ||
| 520 | _aSTUDI BIBLICI DA LEONE XIII A PIO XII. GENOVA TRA IL 1920 E IL 1940. ISTITUTI SECOLARI IN ITALIA. LA RIVISTA FAMIGLIA CRISTIANA DALLA SUA NASCITA AGLI ANNI '50 (SCIORTINO). G.B. MONTINI. LA CEI: NASCITA DELLA CHIESA ITALIANA. | ||
| 650 | _aSTORIA DELLA CHIESA | ||
| 942 | _cBK | ||
| 957 | _71 | ||
| 999 |
_a33511 _bNO _g Copie: 1 _c287688 _d287688 |
||